Pensar El Bicentenario- Cuatro Miradas Sobre Nacion, Region,Ciudadania Y Patrimonio / (Record no. 3512)

MARC details
000 -LEADER
campo de control de longitud fija 00344nam a2200121Ia 4500
005 - FECHA Y HORA DE LA ÚLTIMA TRANSACCIÓN
campo de control 20260330112751.0
008 - DATOS DE LONGITUD FIJA--INFORMACIÓN GENERAL
campo de control de longitud fija 260330s9999||||xx |||||||||||||| ||und||
020 ## - NÚMERO INTERNACIONAL ESTÁNDAR DEL LIBRO
Número Internacional Estándar del Libro 9789588066905
041 ## - CÓDIGO DE IDIOMA
Código de lengua del texto/banda sonora o título independiente spa
100 ## - ENTRADA PRINCIPAL--NOMBRE DE PERSONA
Nombre de persona Javier Ocampo López
245 #0 - MENCIÓN DEL TÍTULO
Título Pensar El Bicentenario- Cuatro Miradas Sobre Nacion, Region,Ciudadania Y Patrimonio /
942 ## - ELEMENTOS DE ENTRADA SECUNDARIOS (KOHA)
Tipo de ítem Koha Libro

No items available.